<?xml version="1.0" encoding="UTF-8"?>
<record
    xmlns:xsi="http://www.w3.org/2001/XMLSchema-instance"
    xsi:schemaLocation="http://www.loc.gov/MARC21/slim http://www.loc.gov/standards/marcxml/schema/MARC21slim.xsd"
    xmlns="http://www.loc.gov/MARC21/slim">

  <leader>00459nac a22001331u 4500</leader>
  <controlfield tag="008">080807s1910    eu||||| |||| 00| 0 ara d</controlfield>
  <datafield tag="082" ind1=" " ind2=" ">
    <subfield code="a">811.05</subfield>
    <subfield code="b">&#x632; &#x647; &#x648;</subfield>
  </datafield>
  <datafield tag="245" ind1=" " ind2=" ">
    <subfield code="a">&#x627;&#x644;&#x632;&#x647;&#x648;&#x631; :</subfield>
    <subfield code="b">&#x645;&#x62C;&#x644;&#x629; &#x627;&#x62F;&#x628;&#x64A;&#x629; &#x641;&#x646;&#x64A;&#x629; &#x639;&#x644;&#x645;&#x64A;&#x629; /</subfield>
  </datafield>
  <datafield tag="260" ind1=" " ind2=" ">
    <subfield code="a">&#x627;&#x644;&#x642;&#x627;&#x647;&#x631;&#x629; :</subfield>
    <subfield code="b">&#x645;&#x637;&#x628;&#x639;&#x629; &#x627;&#x644;&#x645;&#x639;&#x627;&#x631;&#x641;&#x60C; 1910-</subfield>
    <subfield code="c">1910 - </subfield>
  </datafield>
  <datafield tag="300" ind1=" " ind2=" ">
    <subfield code="a">&#x645;&#x62C;.4 ;</subfield>
    <subfield code="c">20 &#x633;&#x645;.</subfield>
  </datafield>
  <datafield tag="505" ind1=" " ind2=" ">
    <subfield code="a">&#x645;&#x62C; 1 (1-12) 1910 ;  , </subfield>
  </datafield>
  <datafield tag="541" ind1=" " ind2=" ">
    <subfield code="a">&#x627;&#x644;&#x641; &#x628;&#x627;&#x621; &#x61B; </subfield>
    <subfield code="c">&#x634;&#x631;&#x627;&#x621; &#x61B;</subfield>
  </datafield>
  <datafield tag="942" ind1=" " ind2=" ">
    <subfield code="c">NB</subfield>
    <subfield code="k">811.05 &#x632; &#x647; &#x648;</subfield>
    <subfield code="2">ddc</subfield>
  </datafield>
  <datafield tag="999" ind1=" " ind2=" ">
    <subfield code="c">6615</subfield>
    <subfield code="d">6615</subfield>
  </datafield>
  <datafield tag="952" ind1=" " ind2=" ">
    <subfield code="0">0</subfield>
    <subfield code="1">0</subfield>
    <subfield code="2">ddc</subfield>
    <subfield code="4">0</subfield>
    <subfield code="7">0</subfield>
    <subfield code="8">Alef-Baa</subfield>
    <subfield code="a">MAIN</subfield>
    <subfield code="b">MAIN</subfield>
    <subfield code="c">2ND</subfield>
    <subfield code="d">2007-11-28</subfield>
    <subfield code="o">811.05 &#x632; &#x647; &#x648;</subfield>
    <subfield code="p">000008086</subfield>
    <subfield code="r">2022-08-24 00:00:00</subfield>
    <subfield code="v">0.00</subfield>
    <subfield code="y">BB</subfield>
    <subfield code="z">&#x62C;1</subfield>
  </datafield>
  <datafield tag="952" ind1=" " ind2=" ">
    <subfield code="0">0</subfield>
    <subfield code="1">0</subfield>
    <subfield code="2">ddc</subfield>
    <subfield code="4">0</subfield>
    <subfield code="7">0</subfield>
    <subfield code="8">Alef-Baa</subfield>
    <subfield code="a">MAIN</subfield>
    <subfield code="b">MAIN</subfield>
    <subfield code="c">2ND</subfield>
    <subfield code="d">2011-02-16</subfield>
    <subfield code="e">purchase</subfield>
    <subfield code="o">811.05 &#x632; &#x647; &#x648;</subfield>
    <subfield code="p">000008639</subfield>
    <subfield code="r">2025-07-15 00:00:00</subfield>
    <subfield code="v">2008.00</subfield>
    <subfield code="y">BB</subfield>
    <subfield code="z">&#x62C; 2</subfield>
  </datafield>
  <datafield tag="952" ind1=" " ind2=" ">
    <subfield code="0">0</subfield>
    <subfield code="1">0</subfield>
    <subfield code="2">ddc</subfield>
    <subfield code="4">0</subfield>
    <subfield code="7">0</subfield>
    <subfield code="8">Alef-Baa</subfield>
    <subfield code="a">MAIN</subfield>
    <subfield code="b">MAIN</subfield>
    <subfield code="c">2ND</subfield>
    <subfield code="d">2011-02-16</subfield>
    <subfield code="e">purchase</subfield>
    <subfield code="o">811.05 &#x632; &#x647; &#x648;</subfield>
    <subfield code="p">000008084</subfield>
    <subfield code="r">2025-07-15 00:00:00</subfield>
    <subfield code="v">2008.00</subfield>
    <subfield code="y">BB</subfield>
    <subfield code="z">&#x62C;3</subfield>
  </datafield>
  <datafield tag="952" ind1=" " ind2=" ">
    <subfield code="0">0</subfield>
    <subfield code="1">0</subfield>
    <subfield code="2">ddc</subfield>
    <subfield code="4">0</subfield>
    <subfield code="7">0</subfield>
    <subfield code="8">Alef-Baa</subfield>
    <subfield code="a">MAIN</subfield>
    <subfield code="b">MAIN</subfield>
    <subfield code="c">2ND</subfield>
    <subfield code="d">2011-02-16</subfield>
    <subfield code="e">purchase</subfield>
    <subfield code="o">811.05 &#x632; &#x647; &#x648;</subfield>
    <subfield code="p">000008085</subfield>
    <subfield code="r">2025-07-15 00:00:00</subfield>
    <subfield code="y">BB</subfield>
    <subfield code="z">&#x62C;4</subfield>
  </datafield>
</record>
